Score 0/15 Timer 02:00
1 Play Today
% Correct
Austin
79.2%
Albany
78.9%
Boston
77.2%
Atlanta
72.8%
Raleigh
72.3%
Boise
71.8%
Augusta
71%
Annapolis
70.2%
% Correct
Baton Rouge
67.9%
Bismarck
64.6%
Richmond
59.7%
Madison
58.5%
Nashville
56.8%
Montpelier
55.4%
Montgomery
55.4%
Remove Ads.
Support Sporcle.
Get the best of Sporcle when you Go Orange. This ad-free experience offers more features, more stats, and more fun while also helping to support Sporcle. Thank you for becoming a member.

You're not logged in!

Compare scores with friends on all Sporcle quizzes.
OR
Log In

Show Comments

Extras

Top Quizzes Today


Score Distribution

Your Account Isn't Verified!

In order to create a playlist on Sporcle, you need to verify the email address you used during registration. Go to your Sporcle Settings to finish the process.

Report this User

Report this user for behavior that violates our Community Guidelines.

Details: